00522nam a2200193Ia 4500999001500000003000400015005001700019008004100036020001800077040000900095082001700104100002400121245004700145250001200192260004400204300000900248650003100257942004000288 c6582d6582OSt20200121115410.0190216s9999||||xx |||||||||||||| ||und|| a9788170147213 coclc a658.3bTRI/H aTripathi, P C91261 0aHuman Resource Devolepment /cP C Tripathi a3rd ed. bSulthan Chand&Sons,c2002.aNew Delhi: a347p aHuman Resource Devolepment cBK2ddch658.3iTRI/Hk658.3mTRI/H